[Event "Team Championship (men blitz)"]
[Site "Sochi"]
[Date "2017.10.05"]
[Round "9.20"]
[White "Krylov, Mikhail"]
[Black "Sharafiev, Azat"]
[Result "0-1"]
[LiveChessVersion "1.4.8"]
[BlackElo "2459"]
[WhiteElo "2494"]

1. c4 {[%clk 0:03:03]} Nf6 {[%clk 0:03:02]} 2. g3 {[%clk 0:03:03]} e6
{[%clk 0:03:02]} 3. Bg2 {[%clk 0:03:03]} d5 {[%clk 0:03:03]} 4. Nf3
{[%clk 0:03:03]} dxc4 {[%clk 0:03:01]} 5. Qa4+ {[%clk 0:03:04]} Nbd7
{[%clk 0:02:55]} 6. O-O {[%clk 0:03:02]} a6 {[%clk 0:02:54]} 7. Qxc4
{[%clk 0:03:03]} c5 {[%clk 0:02:54]} 8. Qc2 {[%clk 0:02:56]} b5 {[%clk 0:02:24]}
9. a4 {[%clk 0:02:34]} Bb7 {[%clk 0:02:23]} 10. axb5 {[%clk 0:02:34]} axb5
{[%clk 0:02:24]} 11. Rxa8 {[%clk 0:02:35]} Bxa8 {[%clk 0:02:09]} 12. Nc3
{[%clk 0:02:22]} b4 {[%clk 0:02:06]} 13. Nb1 {[%clk 0:01:45]} Be7
{[%clk 0:02:03]} 14. d3 {[%clk 0:01:46]} O-O {[%clk 0:02:01]} 15. Nbd2
{[%clk 0:01:47]} Nd5 {[%clk 0:01:55]} 16. Nc4 {[%clk 0:01:48]} Bf6
{[%clk 0:01:48]} 17. e4 {[%clk 0:01:37]} N5b6 {[%clk 0:01:44]} 18. Be3
{[%clk 0:01:21]} Nxc4 {[%clk 0:01:37]} 19. Qxc4 {[%clk 0:01:21]} Bxb2
{[%clk 0:01:37]} 20. Bxc5 {[%clk 0:01:03]} Nxc5 {[%clk 0:01:35]} 21. Qxc5
{[%clk 0:01:04]} Bc3 {[%clk 0:01:28]} 22. Qc4 {[%clk 0:01:03]} Qc8
{[%clk 0:01:26]} 23. Qb3 {[%clk 0:00:57]} Rd8 {[%clk 0:01:26]} 24. Rd1
{[%clk 0:00:57]} Bc6 {[%clk 0:01:25]} 25. Bf1 {[%clk 0:00:38]} Qa6
{[%clk 0:01:18]} 26. Rb1 {[%clk 0:00:36]} Ba4 {[%clk 0:00:59]} 27. Qa2
{[%clk 0:00:36]} Bb5 {[%clk 0:00:48]} 28. Qxa6 {[%clk 0:00:29]} Bxa6
{[%clk 0:00:49]} 29. d4 {[%clk 0:00:30]} Bb7 {[%clk 0:00:45]} 30. Bd3
{[%clk 0:00:27]} f5 {[%clk 0:00:45]} 31. Ng5 {[%clk 0:00:21]} Rxd4
{[%clk 0:00:46]} 32. Bc2 {[%clk 0:00:22]} fxe4 {[%clk 0:00:43]} 33. Nxe6
{[%clk 0:00:21]} Rd2 {[%clk 0:00:44]} 34. Bb3 {[%clk 0:00:22]} Bd5
{[%clk 0:00:29]} 35. Nc5 {[%clk 0:00:20]} Bxb3 36. Rxb3 {[%clk 0:00:21]} Re2
{[%clk 0:00:14]} 37. Kf1 {[%clk 0:00:17]} Re1+ {[%clk 0:00:15]} 38. Kg2
{[%clk 0:00:18]} e3 {[%clk 0:00:14]} 39. fxe3 {[%clk 0:00:12]} Rxe3
{[%clk 0:00:15]} 40. Na6 {[%clk 0:00:09]} Re4 {[%clk 0:00:15]} 41. Kf3
{[%clk 0:00:10]} Rc4 {[%clk 0:00:16]} 42. Ke3 {[%clk 0:00:10]} Be1
{[%clk 0:00:11]} 43. Ke2 {[%clk 0:00:10]} Re4+ {[%clk 0:00:12]} 44. Kd3
{[%clk 0:00:11]} Rg4 {[%clk 0:00:09]} 45. Rb1 {[%clk 0:00:12]} Bc3
{[%clk 0:00:10]} 46. Kc2 {[%clk 0:00:13]} h5 {[%clk 0:00:11]} 47. Kb3
{[%clk 0:00:14]} h4 {[%clk 0:00:08]} 48. gxh4 {[%clk 0:00:16]} Rxh4 49. Rg1
{[%clk 0:00:14]} Rxh2 {[%clk 0:00:09]} 50. Nxb4 {[%clk 0:00:14]} Bxb4 51. Kxb4
{[%clk 0:00:16]} Rc2 {[%clk 0:00:11]} 52. Kb3 {[%clk 0:00:17]} Rc6
{[%clk 0:00:12]} 53. Kb4 {[%clk 0:00:13]} Kf7 {[%clk 0:00:12]} 54. Rf1+
{[%clk 0:00:15]} Ke7 {[%clk 0:00:09]} 55. Rg1 {[%clk 0:00:15]} Kf7
{[%clk 0:00:10]} 56. Rf1+ {[%clk 0:00:16]} Ke7 57. Re1+ Re6 {[%clk 0:00:04]} 58.
Rg1 {[%clk 0:00:19]} Kf6 {[%clk 0:00:05]} 59. Kc4 {[%clk 0:00:20]} g5
{[%clk 0:00:06]} 60. Kd4 {[%clk 0:00:21]} Kf5 {[%clk 0:00:06]} 61. Rf1+
{[%clk 0:00:23]} Kg4 {[%clk 0:00:07]} 62. Rg1+ {[%clk 0:00:24]} Kh4
{[%clk 0:00:09]} 63. Rh1+ {[%clk 0:00:26]} Kg4 {[%clk 0:00:10]} 64. Rg1+
{[%clk 0:00:27]} Kh5 65. Rh1+ Kg6 {[%clk 0:00:12]} 66. Rg1 {[%clk 0:00:30]} Re7
{[%clk 0:00:12]} 67. Kd3 {[%clk 0:00:30]} Re5 {[%clk 0:00:14]} 68. Kd4
{[%clk 0:00:31]} Kf6 {[%clk 0:00:15]} 69. Rf1+ {[%clk 0:00:32]} Ke6
{[%clk 0:00:16]} 70. Rg1 {[%clk 0:00:33]} Kf6 {[%clk 0:00:10]} 71. Rf1+
{[%clk 0:00:34]} Rf5 {[%clk 0:00:11]} 72. Rg1 {[%clk 0:00:35]} Rf3
{[%clk 0:00:07]} 73. Ke4 {[%clk 0:00:36]} Ra3 {[%clk 0:00:07]} 74. Rf1+
{[%clk 0:00:34]} Kg6 {[%clk 0:00:09]} 75. Rg1 {[%clk 0:00:35]} Kh5
{[%clk 0:00:10]} 76. Rh1+ {[%clk 0:00:34]} Kg4 {[%clk 0:00:11]} 77. Rg1+
{[%clk 0:00:33]} Rg3 78. Rh1 Rg2 {[%clk 0:00:12]} 79. Ke3 {[%clk 0:00:29]} Kg3
{[%clk 0:00:13]} 80. Ke4 {[%clk 0:00:27]} g4 {[%clk 0:00:12]} 81. Ke3
{[%clk 0:00:24]} Ra2 {[%clk 0:00:07]} 82. Rg1+ {[%clk 0:00:24]} Kh3
{[%clk 0:00:08]} 83. Rh1+ {[%clk 0:00:16]} Kg2 {[%clk 0:00:09]} 84. Rh8
{[%clk 0:00:17]} g3 {[%clk 0:00:08]} 85. Rg8 {[%clk 0:00:13]} Kh2
{[%clk 0:00:08]} 86. Rh8+ {[%clk 0:00:14]} Kg1 {[%clk 0:00:08]} 87. Rh7
{[%clk 0:00:05]} g2 {[%clk 0:00:09]} 88. Rh8 {[%clk 0:00:05]} Ra7
{[%clk 0:00:07]} 89. Ke2 {[%clk 0:00:05]} Re7+ {[%clk 0:00:07]} 90. Kd2
{[%clk 0:00:07]} Re5 {[%clk 0:00:06]} 91. Rh7 {[%clk 0:00:07]} Kf2
{[%clk 0:00:07]} 92. Rf7+ {[%clk 0:00:08]} Kg3 {[%clk 0:00:07]} 93. Rg7+
{[%clk 0:00:09]} Kf3 {[%clk 0:00:09]} 94. Rf7+ {[%clk 0:00:10]} Kg4
{[%clk 0:00:10]} 95. Rg7+ {[%clk 0:00:11]} Rg5 {[%clk 0:00:11]} 0-1

[Event "Team Championship (men blitz)"]
[Site "Sochi"]
[Date "2017.10.05"]
[Round "9.21"]
[White "Khismatullin, Denis"]
[Black "Pogromsky, Mikhail"]
[Result "1-0"]
[LiveChessVersion "1.4.8"]
[BlackElo "2450"]
[WhiteElo "2660"]

1. Nf3 {[%clk 0:03:03]} Nf6 {[%clk 0:03:02]} 2. c4 {[%clk 0:03:05]} b6
{[%clk 0:03:02]} 3. d4 {[%clk 0:02:58]} e6 {[%clk 0:03:03]} 4. e3
{[%clk 0:02:59]} Bb7 {[%clk 0:03:02]} 5. Nc3 {[%clk 0:03:00]} Ne4
{[%clk 0:02:56]} 6. Nxe4 {[%clk 0:02:57]} Bxe4 {[%clk 0:02:56]} 7. Bd3
{[%clk 0:02:51]} Bb4+ {[%clk 0:02:48]} 8. Ke2 {[%clk 0:02:51]} Bxd3+
{[%clk 0:02:46]} 9. Qxd3 {[%clk 0:02:52]} O-O {[%clk 0:02:34]} 10. d5
{[%clk 0:02:25]} c6 {[%clk 0:02:16]} 11. Rd1 {[%clk 0:02:22]} Qc8
{[%clk 0:01:39]} 12. d6 {[%clk 0:02:07]} a5 {[%clk 0:01:32]} 13. b3
{[%clk 0:01:51]} a4 {[%clk 0:01:20]} 14. Bb2 {[%clk 0:01:28]} a3 {[%clk 0:01:18]}
15. Ng5 {[%clk 0:01:17]} f5 {[%clk 0:01:11]} 16. Be5 {[%clk 0:01:17]} h6
{[%clk 0:01:00]} 17. Nf3 {[%clk 0:01:14]} Na6 {[%clk 0:00:55]} 18. Qd4
{[%clk 0:00:59]} Rf7 {[%clk 0:00:56]} 19. Bf4 {[%clk 0:00:22]} Nc5
{[%clk 0:00:40]} 20. Ne5 {[%clk 0:00:22]} Rf6 {[%clk 0:00:39]} 21. f3
{[%clk 0:00:22]} Nb7 {[%clk 0:00:33]} 22. Nd3 {[%clk 0:00:15]} c5
{[%clk 0:00:27]} 23. Qe5 {[%clk 0:00:13]} Na5 {[%clk 0:00:28]} 24. Nxb4
{[%clk 0:00:09]} cxb4 {[%clk 0:00:29]} 25. Qb5 {[%clk 0:00:08]} Qc5
{[%clk 0:00:08]} 26. Be5 {[%clk 0:00:06]} Rf7 {[%clk 0:00:06]} 27. Bd4
{[%clk 0:00:05]} Qxb5 {[%clk 0:00:03]} 28. cxb5 {[%clk 0:00:05]} Rb8
{[%clk 0:00:04]} 29. Rac1 {[%clk 0:00:06]} Kf8 {[%clk 0:00:03]} 30. Rc7
{[%clk 0:00:07]} g5 {[%clk 0:00:03]} 31. Rdc1 {[%clk 0:00:08]} Kg8
{[%clk 0:00:05]} 32. Be5 {[%clk 0:00:08]} Kh7 {[%clk 0:00:05]} 33. Ra7
{[%clk 0:00:08]} Nb7 {[%clk 0:00:06]} 34. Rc7 {[%clk 0:00:09]} Nc5
{[%clk 0:00:07]} 35. Bd4 {[%clk 0:00:10]} Kg6 {[%clk 0:00:06]} 36. h3
{[%clk 0:00:10]} h5 {[%clk 0:00:07]} 37. Bxc5 {[%clk 0:00:09]} bxc5
{[%clk 0:00:08]} 38. Rxc5 {[%clk 0:00:10]} Kf6 {[%clk 0:00:09]} 39. Ra4
{[%clk 0:00:10]} Rb6 {[%clk 0:00:08]} 40. Rxb4 {[%clk 0:00:10]} Rxd6
{[%clk 0:00:10]} 41. b6 {[%clk 0:00:11]} 1-0

[Event "Team Championship (men blitz)"]
[Site "Sochi"]
[Date "2017.10.05"]
[Round "9.22"]
[White "Vokarev, Sergey"]
[Black "Pridorozhni, Aleksei"]
[Result "0-1"]
[LiveChessVersion "1.4.8"]
[BlackElo "2671"]
[WhiteElo "2427"]

1. Nf3 {[%clk 0:03:02]} Nf6 {[%clk 0:03:03]} 2. g3 {[%clk 0:03:04]} b5
{[%clk 0:03:04]} 3. Bg2 {[%clk 0:03:02]} Bb7 {[%clk 0:03:05]} 4. O-O
{[%clk 0:03:01]} c5 {[%clk 0:03:05]} 5. c3 {[%clk 0:03:01]} e6 {[%clk 0:03:04]}
6. a4 {[%clk 0:03:01]} a6 {[%clk 0:03:02]} 7. Qb3 {[%clk 0:02:56]} b4
{[%clk 0:02:48]} 8. d4 {[%clk 0:02:52]} Nc6 {[%clk 0:02:45]} 9. Bg5
{[%clk 0:02:41]} cxd4 {[%clk 0:02:33]} 10. cxd4 {[%clk 0:02:33]} Be7
{[%clk 0:02:32]} 11. Nbd2 {[%clk 0:02:23]} O-O {[%clk 0:02:28]} 12. Rfc1
{[%clk 0:02:22]} d5 {[%clk 0:02:21]} 13. Qd1 {[%clk 0:02:12]} Na5
{[%clk 0:02:09]} 14. Ne5 {[%clk 0:02:08]} h6 {[%clk 0:01:58]} 15. Bxf6
{[%clk 0:02:04]} Bxf6 {[%clk 0:01:58]} 16. Nb3 {[%clk 0:01:59]} Nxb3
{[%clk 0:01:54]} 17. Qxb3 {[%clk 0:01:59]} a5 {[%clk 0:01:54]} 18. e3
{[%clk 0:01:56]} Bxe5 {[%clk 0:01:37]} 19. dxe5 {[%clk 0:01:57]} Rc8
{[%clk 0:01:37]} 20. Qd1 {[%clk 0:01:47]} Ba6 {[%clk 0:01:13]} 21. Bf1
{[%clk 0:01:42]} Bxf1 {[%clk 0:01:11]} 22. Kxf1 {[%clk 0:01:43]} Qg5
{[%clk 0:01:04]} 23. Qd4 {[%clk 0:01:35]} Qf5 {[%clk 0:01:01]} 24. Kg2
{[%clk 0:00:55]} h5 {[%clk 0:00:41]} 25. h3 {[%clk 0:00:49]} Qg6 {[%clk 0:00:36]}
26. h4 {[%clk 0:00:45]} Rc2 {[%clk 0:00:35]} 27. e4 {[%clk 0:00:34]} Rxc1
{[%clk 0:00:31]} 28. Rxc1 {[%clk 0:00:36]} dxe4 {[%clk 0:00:31]} 29. Rc4
{[%clk 0:00:30]} Qg4 {[%clk 0:00:21]} 30. Qxe4 {[%clk 0:00:30]} Qd1
{[%clk 0:00:22]} 31. Qc2 {[%clk 0:00:20]} Qd5+ {[%clk 0:00:23]} 32. Qe4
{[%clk 0:00:22]} Qd1 {[%clk 0:00:23]} 33. Qc2 {[%clk 0:00:23]} Qd5+
{[%clk 0:00:16]} 34. Qe4 {[%clk 0:00:25]} Rd8 {[%clk 0:00:11]} 35. Qxd5
{[%clk 0:00:22]} Rxd5 {[%clk 0:00:13]} 36. Rc8+ {[%clk 0:00:23]} Kh7
{[%clk 0:00:14]} 37. f4 {[%clk 0:00:24]} Kg6 {[%clk 0:00:12]} 38. Rc7
{[%clk 0:00:25]} f6 {[%clk 0:00:13]} 39. exf6 {[%clk 0:00:25]} gxf6
{[%clk 0:00:14]} 40. b3 {[%clk 0:00:24]} Kf5 {[%clk 0:00:12]} 41. Kh3
{[%clk 0:00:25]} e5 {[%clk 0:00:10]} 42. fxe5 {[%clk 0:00:24]} fxe5
{[%clk 0:00:11]} 43. Rh7 {[%clk 0:00:25]} Kg6 {[%clk 0:00:11]} 44. Re7
{[%clk 0:00:24]} Kf6 {[%clk 0:00:12]} 45. Rh7 {[%clk 0:00:25]} e4
{[%clk 0:00:13]} 46. Rh6+ {[%clk 0:00:21]} Kf7 {[%clk 0:00:13]} 47. Kg2
{[%clk 0:00:18]} Rd2+ {[%clk 0:00:12]} 48. Kf1 {[%clk 0:00:18]} Rd3
{[%clk 0:00:13]} 49. Rxh5 {[%clk 0:00:19]} Rxg3 {[%clk 0:00:13]} 50. Rxa5
{[%clk 0:00:19]} Kf6 {[%clk 0:00:14]} 51. Rb5 {[%clk 0:00:19]} Rxb3
{[%clk 0:00:14]} 52. h5 {[%clk 0:00:19]} Rb1+ {[%clk 0:00:13]} 53. Ke2
{[%clk 0:00:20]} b3 {[%clk 0:00:14]} 54. h6 {[%clk 0:00:19]} b2 {[%clk 0:00:14]}
55. h7 {[%clk 0:00:18]} Kg7 {[%clk 0:00:15]} 56. Rb7+ {[%clk 0:00:18]} Kh8
{[%clk 0:00:16]} 57. Kd2 {[%clk 0:00:17]} e3+ {[%clk 0:00:16]} 58. Kxe3 Re1+ 0-1

[Event "Team Championship (men blitz)"]
[Site "Sochi"]
[Date "2017.10.05"]
[Round "9.23"]
[White "Jakovenko, Dmitry"]
[Black "Kozlov, Oleg"]
[Result "1-0"]
[LiveChessVersion "1.4.8"]
[BlackElo "2286"]
[WhiteElo "2589"]

1. e4 {[%clk 0:03:03]} c5 {[%clk 0:03:04]} 2. Nf3 e6 3. d4 {[%clk 0:03:05]} cxd4
{[%clk 0:03:07]} 4. Nxd4 {[%clk 0:03:07]} a6 {[%clk 0:03:08]} 5. Bd3
{[%clk 0:03:07]} Nc6 {[%clk 0:03:06]} 6. Nxc6 {[%clk 0:03:07]} dxc6
{[%clk 0:03:08]} 7. O-O e5 8. a4 {[%clk 0:03:01]} Bc5 {[%clk 0:02:55]} 9. a5
{[%clk 0:02:59]} Be6 {[%clk 0:02:51]} 10. Qe2 {[%clk 0:02:57]} Ne7
{[%clk 0:02:40]} 11. Nd2 {[%clk 0:02:46]} Ng6 {[%clk 0:02:35]} 12. g3
{[%clk 0:02:47]} h5 {[%clk 0:02:35]} 13. Nc4 {[%clk 0:02:38]} h4 {[%clk 0:02:29]}
14. Be3 {[%clk 0:02:37]} Qe7 {[%clk 0:02:23]} 15. Rad1 {[%clk 0:02:29]} hxg3
{[%clk 0:02:04]} 16. fxg3 {[%clk 0:02:26]} Rd8 {[%clk 0:01:40]} 17. Qf2
{[%clk 0:02:17]} Bxe3 {[%clk 0:01:34]} 18. Qxe3 {[%clk 0:02:18]} O-O
{[%clk 0:01:27]} 19. c3 {[%clk 0:02:04]} Rd7 {[%clk 0:01:19]} 20. Nb6
{[%clk 0:02:00]} Rdd8 {[%clk 0:01:20]} 21. Rd2 {[%clk 0:01:52]} Bh3
{[%clk 0:00:46]} 22. Re1 {[%clk 0:01:42]} Rd6 {[%clk 0:00:41]} 23. Bc4
{[%clk 0:01:42]} Rfd8 {[%clk 0:00:34]} 24. Rxd6 {[%clk 0:01:30]} Rxd6
{[%clk 0:00:34]} 25. Be2 {[%clk 0:01:27]} Rd8 {[%clk 0:00:30]} 26. Rd1
{[%clk 0:01:11]} Nf8 {[%clk 0:00:26]} 27. Rxd8 Qxd8 {[%clk 0:00:27]} 28. g4
{[%clk 0:00:42]} Qh4 {[%clk 0:00:24]} 29. Qg3 {[%clk 0:00:43]} Qh7
{[%clk 0:00:15]} 30. Qxe5 {[%clk 0:00:41]} Qh6 {[%clk 0:00:10]} 31. Qg3
{[%clk 0:00:19]} Ne6 {[%clk 0:00:08]} 32. Nc4 {[%clk 0:00:16]} Nc5
{[%clk 0:00:08]} 33. Qe3 {[%clk 0:00:16]} Qh4 {[%clk 0:00:06]} 34. Qf2
{[%clk 0:00:16]} Qxf2+ {[%clk 0:00:06]} 35. Kxf2 Nxe4+ 36. Kf3 {[%clk 0:00:16]}
f5 {[%clk 0:00:05]} 37. Kf4 {[%clk 0:00:14]} Nf2 {[%clk 0:00:00]} 38. Ke4 1-0

[Event "Team Championship (men blitz)"]
[Site "Sochi"]
[Date "2017.10.05"]
[Round "9.24"]
[White "Ozgibcev, Anatoly"]
[Black "Iljiushenok, Ilia"]
[Result "1/2-1/2"]
[LiveChessVersion "1.4.8"]
[BlackElo "2409"]
[WhiteElo "2354"]

1. e4 {[%clk 0:03:01]} c5 {[%clk 0:03:03]} 2. c3 {[%clk 0:03:02]} e6
{[%clk 0:02:55]} 3. d4 {[%clk 0:03:03]} d5 {[%clk 0:02:56]} 4. e5
{[%clk 0:03:04]} Nc6 {[%clk 0:02:56]} 5. Nf3 {[%clk 0:03:06]} Qb6
{[%clk 0:02:57]} 6. dxc5 {[%clk 0:03:06]} Bxc5 7. Qc2 Nh6 {[%clk 0:02:51]} 8. Bf4
{[%clk 0:02:59]} Bd7 {[%clk 0:02:32]} 9. Bd3 {[%clk 0:02:57]} Rc8
{[%clk 0:02:31]} 10. O-O {[%clk 0:02:49]} Nf5 {[%clk 0:02:24]} 11. Nbd2
{[%clk 0:02:36]} Be7 {[%clk 0:02:07]} 12. Bxf5 {[%clk 0:02:25]} exf5
{[%clk 0:02:08]} 13. Nb3 {[%clk 0:02:25]} O-O {[%clk 0:02:05]} 14. Qd3
{[%clk 0:02:02]} Be6 {[%clk 0:01:59]} 15. h4 {[%clk 0:01:49]} a5 {[%clk 0:01:53]}
16. Qd2 {[%clk 0:01:47]} a4 {[%clk 0:01:52]} 17. Nbd4 {[%clk 0:01:48]} Na5
{[%clk 0:01:51]} 18. Rab1 {[%clk 0:01:39]} Nc4 {[%clk 0:01:48]} 19. Qe2
{[%clk 0:01:33]} Qa6 {[%clk 0:01:47]} 20. Qc2 {[%clk 0:01:19]} b5
{[%clk 0:01:43]} 21. Nxf5 {[%clk 0:01:15]} 1/2-1/2

[Event "Team Championship (men blitz)"]
[Site "Sochi"]
[Date "2017.10.05"]
[Round "9.25"]
[White "Goryachkina, Aleksandra"]
[Black "Kezin, Roman"]
[Result "1-0"]
[LiveChessVersion "1.4.8"]
[BlackElo "2514"]
[WhiteElo "2401"]

1. e4 {[%clk 0:03:03]} c5 {[%clk 0:03:03]} 2. Nf3 {[%clk 0:03:04]} e6
{[%clk 0:03:04]} 3. c3 {[%clk 0:03:04]} d5 {[%clk 0:03:05]} 4. exd5
{[%clk 0:03:05]} exd5 {[%clk 0:03:06]} 5. d4 {[%clk 0:03:06]} Nc6
{[%clk 0:03:06]} 6. Bb5 {[%clk 0:03:03]} Bd6 {[%clk 0:03:07]} 7. O-O
{[%clk 0:03:03]} Nf6 {[%clk 0:03:07]} 8. Bg5 {[%clk 0:02:54]} Be6
{[%clk 0:02:38]} 9. c4 {[%clk 0:02:55]} O-O {[%clk 0:02:13]} 10. cxd5
{[%clk 0:02:37]} Bxd5 {[%clk 0:02:12]} 11. dxc5 {[%clk 0:02:30]} Bxc5
{[%clk 0:01:53]} 12. Bxf6 {[%clk 0:02:28]} gxf6 {[%clk 0:01:46]} 13. Nc3
{[%clk 0:02:28]} Be6 {[%clk 0:01:46]} 14. Qc2 {[%clk 0:02:18]} Nd4
{[%clk 0:01:36]} 15. Nxd4 {[%clk 0:02:18]} Qxd4 {[%clk 0:01:36]} 16. Rad1
{[%clk 0:02:17]} Qh4 {[%clk 0:01:27]} 17. Ne4 {[%clk 0:01:59]} Bb6
{[%clk 0:01:15]} 18. Bd3 {[%clk 0:01:49]} Rac8 {[%clk 0:01:11]} 19. Qb1
{[%clk 0:01:50]} f5 {[%clk 0:01:02]} 20. Nd6 {[%clk 0:01:36]} Rc5
{[%clk 0:00:25]} 21. Nxf5 {[%clk 0:01:28]} Qg4 {[%clk 0:00:17]} 22. Ne3
{[%clk 0:01:23]} Qg7 {[%clk 0:00:14]} 23. Bf5 {[%clk 0:01:20]} Re5
{[%clk 0:00:13]} 24. Bxe6 {[%clk 0:00:54]} fxe6 {[%clk 0:00:13]} 25. Qd3
{[%clk 0:00:50]} Rg5 {[%clk 0:00:12]} 26. Qe4 {[%clk 0:00:40]} Rg6
{[%clk 0:00:12]} 27. Rfe1 {[%clk 0:00:34]} Qxb2 {[%clk 0:00:10]} 28. Rf1
{[%clk 0:00:32]} Qg7 {[%clk 0:00:07]} 29. Rd2 {[%clk 0:00:32]} Rgf6
{[%clk 0:00:07]} 30. Nc4 {[%clk 0:00:27]} Bc5 {[%clk 0:00:06]} 31. Ne5
{[%clk 0:00:26]} Rf4 {[%clk 0:00:04]} 32. Qe1 {[%clk 0:00:12]} Bb4
{[%clk 0:00:05]} 33. Nd3 {[%clk 0:00:12]} Bxd2 {[%clk 0:00:06]} 34. Qxd2
{[%clk 0:00:12]} Rg4 {[%clk 0:00:05]} 35. g3 {[%clk 0:00:12]} Rd4
{[%clk 0:00:06]} 36. Qe3 {[%clk 0:00:14]} Qf6 {[%clk 0:00:06]} 37. Nc5
{[%clk 0:00:14]} Rd6 {[%clk 0:00:03]} 38. Ne4 {[%clk 0:00:15]} Qe5
{[%clk 0:00:03]} 39. Nxd6 {[%clk 0:00:14]} Qxd6 {[%clk 0:00:04]} 40. Re1
{[%clk 0:00:15]} Re8 {[%clk 0:00:05]} 41. Qg5+ {[%clk 0:00:16]} Kh8
{[%clk 0:00:05]} 42. Qf6+ {[%clk 0:00:17]} Kg8 {[%clk 0:00:07]} 43. Qg5+
{[%clk 0:00:15]} Kf7 {[%clk 0:00:04]} 44. Re3 {[%clk 0:00:14]} Rf8
{[%clk 0:00:05]} 45. Rf3+ {[%clk 0:00:14]} Ke8 {[%clk 0:00:06]} 46. Qh5+
{[%clk 0:00:14]} Kd7 {[%clk 0:00:06]} 47. Qxh7+ {[%clk 0:00:14]} Kc8
{[%clk 0:00:08]} 48. Rxf8+ {[%clk 0:00:13]} Qxf8 {[%clk 0:00:09]} 49. Qe4
{[%clk 0:00:15]} Qd6 {[%clk 0:00:08]} 50. h4 Kc7 {[%clk 0:00:05]} 51. Kh2
{[%clk 0:00:15]} Kd7 {[%clk 0:00:03]} 52. h5 {[%clk 0:00:16]} Qc5
{[%clk 0:00:03]} 53. Qxb7+ {[%clk 0:00:16]} Kd6 {[%clk 0:00:04]} 54. Qf3
{[%clk 0:00:16]} Qg5 {[%clk 0:00:04]} 55. Qf4+ {[%clk 0:00:17]} Kd5 1-0

[Event "Team Championship (men blitz)"]
[Site "Sochi"]
[Date "2017.10.05"]
[Round "9.26"]
[White "Antonenko, Vladimir"]
[Black "Potapov, Pavel"]
[Result "1/2-1/2"]
[LiveChessVersion "1.4.8"]
[BlackElo "2451"]
[WhiteElo "2423"]

1. d4 {[%clk 0:03:03]} f5 {[%clk 0:03:03]} 2. Nf3 {[%clk 0:02:58]} Nf6
{[%clk 0:03:04]} 3. g3 {[%clk 0:02:59]} g6 {[%clk 0:03:05]} 4. Bg2
{[%clk 0:02:59]} Bg7 {[%clk 0:03:05]} 5. c4 {[%clk 0:02:59]} O-O {[%clk 0:03:06]}
6. O-O {[%clk 0:02:58]} d6 {[%clk 0:03:06]} 7. Nc3 {[%clk 0:02:58]} c6
{[%clk 0:03:07]} 8. Rb1 {[%clk 0:02:52]} Qc7 {[%clk 0:03:06]} 9. Qb3
{[%clk 0:02:15]} Kh8 {[%clk 0:03:06]} 10. Rd1 {[%clk 0:01:55]} e5
{[%clk 0:03:00]} 11. c5 {[%clk 0:01:49]} e4 {[%clk 0:02:48]} 12. cxd6
{[%clk 0:01:48]} Qxd6 {[%clk 0:02:47]} 13. Bf4 {[%clk 0:01:47]} Qe6
{[%clk 0:02:30]} 14. Ne5 {[%clk 0:00:36]} Qxb3 {[%clk 0:02:30]} 15. axb3
{[%clk 0:00:37]} Be6 {[%clk 0:02:30]} 16. b4 {[%clk 0:00:38]} Nbd7
{[%clk 0:02:10]} 17. b5 {[%clk 0:00:34]} Nxe5 {[%clk 0:02:02]} 18. dxe5
{[%clk 0:00:15]} Nd5 {[%clk 0:02:03]} 19. bxc6 {[%clk 0:00:16]} bxc6
{[%clk 0:01:45]} 20. f3 {[%clk 0:00:13]} h6 {[%clk 0:01:16]} 21. fxe4
{[%clk 0:00:10]} Nxc3 {[%clk 0:01:13]} 22. bxc3 {[%clk 0:00:09]} g5
{[%clk 0:01:10]} 23. Be3 {[%clk 0:00:09]} Bxe5 {[%clk 0:01:02]} 24. exf5
{[%clk 0:00:08]} Bxf5 {[%clk 0:00:57]} 25. Rbc1 {[%clk 0:00:04]} Rf6
{[%clk 0:00:48]} 26. Bd4 {[%clk 0:00:05]} Bxd4+ 27. cxd4 {[%clk 0:00:07]} Re8
{[%clk 0:00:19]} 28. Rd2 {[%clk 0:00:06]} Be4 {[%clk 0:00:19]} 29. Bxe4
{[%clk 0:00:04]} Rxe4 {[%clk 0:00:21]} 30. Ra1 {[%clk 0:00:05]} Rd6
{[%clk 0:00:15]} 31. Rxa7 {[%clk 0:00:03]} Rexd4 {[%clk 0:00:16]} 32. Rxd4
{[%clk 0:00:04]} Rxd4 {[%clk 0:00:17]} 33. Rc7 {[%clk 0:00:05]} Rd6
{[%clk 0:00:17]} 1/2-1/2

[Event "Team Championship (men blitz)"]
[Site "Sochi"]
[Date "2017.10.05"]
[Round "9.27"]
[White "Belyakov, Bogdan"]
[Black "Gubsky, Egor"]
[Result "0-1"]
[LiveChessVersion "1.4.8"]
[BlackElo "2369"]
[WhiteElo "2477"]

1. e4 {[%clk 0:03:03]} c5 {[%clk 0:03:04]} 2. Nf3 {[%clk 0:03:04]} Nc6
{[%clk 0:03:04]} 3. c3 {[%clk 0:03:04]} d5 {[%clk 0:03:05]} 4. exd5
{[%clk 0:03:04]} Qxd5 {[%clk 0:03:06]} 5. d4 {[%clk 0:03:05]} Bg4
{[%clk 0:03:07]} 6. Be2 {[%clk 0:03:05]} cxd4 {[%clk 0:03:07]} 7. cxd4
{[%clk 0:03:05]} e6 {[%clk 0:03:08]} 8. O-O {[%clk 0:03:04]} Nf6 {[%clk 0:03:09]}
9. Nc3 {[%clk 0:03:04]} Qa5 {[%clk 0:03:10]} 10. a3 {[%clk 0:03:02]} Bd6
{[%clk 0:03:10]} 11. h3 {[%clk 0:03:02]} Bh5 {[%clk 0:03:11]} 12. Qb3
{[%clk 0:03:01]} Rb8 {[%clk 0:03:09]} 13. Rd1 {[%clk 0:03:00]} Nd5
{[%clk 0:02:57]} 14. Nxd5 {[%clk 0:02:55]} Qxd5 {[%clk 0:02:49]} 15. Bc4
{[%clk 0:02:50]} Qf5 {[%clk 0:02:33]} 16. g4 {[%clk 0:02:32]} Bxg4
{[%clk 0:02:34]} 17. hxg4 {[%clk 0:02:31]} Qxg4+ {[%clk 0:02:34]} 18. Kf1
{[%clk 0:02:31]} O-O {[%clk 0:02:33]} 19. Bd2 {[%clk 0:02:19]} b5
{[%clk 0:01:59]} 20. Bd3 {[%clk 0:00:56]} Qh3+ {[%clk 0:01:48]} 21. Ke1
{[%clk 0:00:56]} e5 {[%clk 0:01:43]} 22. d5 {[%clk 0:00:48]} Qh1+
{[%clk 0:01:44]} 23. Bf1 {[%clk 0:00:48]} Nd4 {[%clk 0:01:43]} 24. Nxd4
{[%clk 0:00:46]} exd4 {[%clk 0:01:44]} 25. Bg5 {[%clk 0:00:27]} h6
{[%clk 0:01:45]} 26. Qh3 {[%clk 0:00:19]} Rfe8+ {[%clk 0:01:37]} 27. Kd2
{[%clk 0:00:19]} Qxd5 {[%clk 0:01:24]} 28. Bxh6 {[%clk 0:00:18]} gxh6
{[%clk 0:01:18]} 29. Bd3 {[%clk 0:00:14]} Bf4+ {[%clk 0:01:17]} 30. Kc2
{[%clk 0:00:15]} b4 {[%clk 0:01:04]} 31. Rg1+ {[%clk 0:00:11]} Bg5
{[%clk 0:01:05]} 32. Qxh6 {[%clk 0:00:10]} b3+ {[%clk 0:00:54]} 33. Kb1
{[%clk 0:00:07]} Re1+ {[%clk 0:00:55]} 34. Rxe1 {[%clk 0:00:08]} Bxh6
{[%clk 0:00:56]} 35. Rg1+ {[%clk 0:00:09]} Bg7 {[%clk 0:00:55]} 36. a4
{[%clk 0:00:10]} Qf3 {[%clk 0:00:55]} 37. Bc4 {[%clk 0:00:08]} Qe4+
{[%clk 0:00:55]} 0-1